| 000 | 01071nam a2200217Ia 4500 | ||
|---|---|---|---|
| 001 | 945.91-MAR mi gu (7905) | ||
| 003 | IT-MiSPE | ||
| 008 | 171229s9999||||xx |||||||||||||| ||und|| | ||
| 040 |
_aIT-MiSPE _cIT-MiSPE |
||
| 041 | _aITALIANO | ||
| 100 | _aMino Martelli | ||
| 245 | 0 |
_aUna guerra e due resistenze (1940-1946) _bOpere e sangue del clero italiano e in particolare romagnolo emiliano nella guerra e nella resistenza su due fronti |
|
| 250 | _a1a ed. (v) | ||
| 260 |
_aBari _bEd. Paoline _c1976 |
||
| 300 |
_a382 p. _c22 cm |
||
| 500 | _aChiesa - Italia | ||
| 501 | _aEdizioni San Paolo srl - Piazza Soncino, 5 - 20092 CINISELLO BALSAMO (MI) (non commercial uses only) ® Copyright 2018 | ||
| 942 | _cBK | ||
| 957 | _71 | ||
| 999 |
_a19552 _bNO _g Copie: 1 _c357348 _d357348 |
||